<?xml version="1.0" encoding="UTF-8"?>
<collection xmlns="http://www.loc.gov/MARC21/slim">
  <record>
    <leader>00000nam  2200000   4500</leader>
    <controlfield tag="001">INLIS000000000020486</controlfield>
    <controlfield tag="005">20250702105012</controlfield>
    <datafield tag="035" ind1="#" ind2="#">
      <subfield code="a">0010-0725000016</subfield>
    </datafield>
    <controlfield tag="007">ta</controlfield>
    <controlfield tag="008">250702################|##########|#|##</controlfield>
    <datafield tag="100" ind1=" " ind2="#">
      <subfield code="a">Irwan</subfield>
    </datafield>
    <datafield tag="245" ind1="1" ind2="#">
      <subfield code="a">Si Petualang Sistem Pengawasan Terintegrasi Untuk Kosmetik Isi Ulang Optimalisasi Dampak Pengawasan Kosmetik Bagi Bumi /</subfield>
      <subfield code="c">Irwan</subfield>
    </datafield>
    <datafield tag="260" ind1="#" ind2="#">
      <subfield code="a">Jakarta :</subfield>
      <subfield code="b">Pusbangkom Pimnas dan Manajerial ASN,</subfield>
      <subfield code="c">2023</subfield>
    </datafield>
    <datafield tag="300" ind1="#" ind2="#">
      <subfield code="a">60 hlm.</subfield>
    </datafield>
    <datafield tag="650" ind1="#" ind2="4">
      <subfield code="a">Sistem Pengawasan</subfield>
    </datafield>
    <datafield tag="084" ind1="#" ind2="#">
      <subfield code="a">R 151 PKN II 2023</subfield>
    </datafield>
    <datafield tag="520" ind1="#" ind2="#">
      <subfield code="a">Sistem ini merupakan sistem pengawasan yang terintegrasi terhadap kosmetik isi ulang, karena melibatkan dan menghubungkan kegiatan-kegiatan yang dilakukan oleh pemerintah (Badan POM, Kementerian/Lembaga lain terkait dan Pemerintah Daerah), pelaku usaha, akademis, media dan masyarakat. Sistem ini bertujuan agar kosmetik isi ulang memenuhi persyaratan keamanan, manfaat dan mutu, usaha kecil menengah dapat berpartisipasi dan mendukung pengurungan limbah.</subfield>
    </datafield>
    <datafield tag="990" ind1="#" ind2="#">
      <subfield code="a">2407151</subfield>
    </datafield>
  </record>
</collection>
